Financial Liberalization and Money Demand in Asean Countries : Implications for Monetary Policy /

This paper examines the impact of financial market development and liberalization on money demand behavior in Indonesia, Malaysia, Singapore, and Thailand since the early 1980s. The empirical results indicate continuing instability in the interaction of money growth, economic activity, and inflation...

Celý popis

Podrobná bibliografie
Hlavní autor: Dekle, Robert
Další autoři: Pradhan, Mahmood
Médium: Časopis
Jazyk:English
Vydáno: Washington, D.C. : International Monetary Fund, 1997.
Edice:IMF Working Papers; Working Paper ; No. 1997/036
On-line přístup:Full text available on IMF
LEADER 01810cas a2200253 a 4500
001 AALejournalIMF000332
008 230101c9999 xx r poo 0 0eng d
020 |c 5.00 USD 
020 |z 9781451845419 
022 |a 1018-5941 
040 |a BD-DhAAL  |c BD-DhAAL 
100 1 |a Dekle, Robert. 
245 1 0 |a Financial Liberalization and Money Demand in Asean Countries :   |b Implications for Monetary Policy /  |c Robert Dekle, Mahmood Pradhan. 
264 1 |a Washington, D.C. :  |b International Monetary Fund,  |c 1997. 
300 |a 1 online resource (38 pages) 
490 1 |a IMF Working Papers 
500 |a <strong>Off-Campus Access:</strong> No User ID or Password Required 
500 |a <strong>On-Campus Access:</strong> No User ID or Password Required 
506 |a Electronic access restricted to authorized BRAC University faculty, staff and students 
520 3 |a This paper examines the impact of financial market development and liberalization on money demand behavior in Indonesia, Malaysia, Singapore, and Thailand since the early 1980s. The empirical results indicate continuing instability in the interaction of money growth, economic activity, and inflation. Rapid growth and ongoing changes in financial markets suggest that policy needs to be guided by a wider set of monetary and real sector indicators of inflationary pressures. The feasibility of alternative policy frameworks--including nominal exchange rate targets, and inflation targets--is discussed in the context of the substantial and sustained increase in foreign capital inflows. 
538 |a Mode of access: Internet 
700 1 |a Pradhan, Mahmood. 
830 0 |a IMF Working Papers; Working Paper ;  |v No. 1997/036 
856 4 0 |z Full text available on IMF  |u http://elibrary.imf.org/view/journals/001/1997/036/001.1997.issue-036-en.xml  |z IMF e-Library